00378 a2200121 4500001001000000005001700010008004100027245006200068100001800130700002200148773006900170999001700239ART_1467020260410161913.0260409a 10aSeparability, risk-bearing, and social welfare judgements1 aGevers, Louis1 aDeschamps, Robert0 tEuropean economic reviewg- Vol. 10, NÂș 1 (oct. 1977)wREV13346 c26980d26980